Wordflo: Your Personal English Organiser

Dettagli Bibliografici
Autore principale: Smith S. Steve
Altri autori: Smith J. Jacqueline
Lingua:inglese
Pubblicazione: Longman, 1998
Soggetti:
Natura: MixedMaterials Libro
KOHA link:https://koha.lib.tpu.ru/cgi-bin/koha/opac-detail.pl?biblionumber=23160

MARC

LEADER 00000nam0a2200000 4500
001 23160
005 20231030195130.0
010 |a 0582303028 
035 |a (RuTPU)RU\TPU\book\23378 
035 |a BOOK00023450 
090 |a 23160 
100 |a 20011209d1998 m y0engy50 ba 
101 0 |a eng 
102 |a GB 
105 |a y j 001zy 
200 1 |a Wordflo  |e Your Personal English Organiser  |f S. Smith, J. Smith 
210 |c Longman  |d 1998 
610 1 |a английский язык 
610 1 |a учебные пособия 
686 |a Ш143.21-923.4  |v LBC/SL-A  |2 rubbk 
700 1 |a Smith  |b S.  |g Steve 
701 1 |a Smith  |b J.  |g Jacqueline 
801 0 |a RU  |b 63413507  |c 20011209  |g PSBO 
801 2 |a RU  |b 63413507  |c 20110930  |g PSBO 
942 |c BK